Animé - Personnages en R - Statistiques

Statistiques générales
  • Ce quiz a été pris 126 fois
  • Le résultat moyen est 6 sur 35
Statistiques - réponses
Personnages % Correct
Rei Todoroki
60%
Rukia Kuchiki
57%
Reiner Braun
53%
Rob
50%
Rin Nohara
49%
Robin
46%
Rem
43%
Ram
37%
Renji Abarai
33%
Rog Chenny
31%
Rock Lee
25%
Reby MacGarden
23%
Ryôta Kise
17%
Raditz
11%
Rebecca
10%
Red
10%
Rôshi
9%
Riko Aida
8%
Roi des Démons
7%
Roméo Combolto
7%
Rikido Sato
6%
Readers Johnner
5%
Recovery Girl
5%
Ruin
5%
Rahal
4%
Rufus Roy
4%
Ryukyu
4%
Richard Buchanan
3%
Risley Law
3%
Rocker
3%
Rustyrose
3%
Ragdoll
2%
Rahkeid Dragnir
2%
Rasa
2%
Rayure
1%
Aucun quiz correspondant
Distribution des résultats
% des personnes avec chaque résultat
Percentile par nombre de réponses
Votre historique - résultats
Vous n’avez pas pris ce quiz